Pays ayant le plus de Prix Abel / Fields / Clay / Turing - Statistiques

Statistiques générales
  • Ce quiz a été pris 18 fois
  • Le résultat moyen est 27 sur 32
Statistiques - réponses
# Pays % Correct
2 Allemagne
100%
2 Allemagne
100%
16 États-Unis
100%
17 États-Unis
100%
23 Etats-Unis
100%
53 États-Unis
100%
5 France
100%
14 France
100%
11 France
100%
2 France
100%
2 Italie
100%
2 Canada
93%
6 Canada
93%
3 Japon
93%
2 Royaume-Uni
93%
10 Royaume-Uni
93%
8 Royaume-Uni
93%
7 Royaume-Uni
93%
3 Russie
93%
4 Russie
93%
9 Russie / URSS
93%
2 Australie
79%
5 Australie
79%
2 Belgique
71%
2 Belgique
71%
3 Inde
64%
2 Norvège
64%
3 Hongrie
50%
2 Israël
50%
5 Israël
50%
2 Iran
43%
2 Ukraine
29%
Aucun quiz correspondant
Distribution des résultats
% des personnes avec chaque résultat
Percentile par nombre de réponses
Votre historique - résultats
Vous n’avez pas pris ce quiz